000 00319nam a2200109Ia 4500
008 200302s9999 xx 000 0 und d
100 _aChristian Bjone
245 _aPhilip Johnson and His Mischief -Appropriation in Art And Architecture
260 _bImages Publishing Group Pvt. Ltd.
260 _c2014
300 _a96 P.,
999 _c4298
_d4298